[Event "Oberliga Wuerttemberg 2122"]
[Site "Wuerttemberg"]
[Date "2022.04.24"]
[Round "5.6"]
[White "Dudek, Richard"]
[Black "Stukenbrok, Nils"]
[Result "1-0"]
[WhiteElo "2217"]
[BlackElo "2041"]
[PlyCount "99"]
[EventDate "2021.09.19"]
[EventType "team-tourn"]
[EventRounds "9"]
[EventCountry "GER"]
[SourceTitle "EXT 2023"]
[Source "ChessBase"]
[SourceDate "2022.10.05"]
[SourceVersion "1"]
[SourceVersionDate "2022.10.05"]
[SourceQuality "1"]
[WhiteTeam "Heilbronn"]
[BlackTeam "Schoenaich II"]
[WhiteTeamCountry "GER"]
[BlackTeamCountry "GER"]

1. e4 c6 2. d4 d5 3. exd5 cxd5 4. Bd3 Nc6 5. c3 Qc7 6. Ne2 Bg4 7. 0-0 e6 8. f3 Bh5 9. Bf4 Bd6 10. Bxd6 Qxd6 11. Ng3 Bg6 12. f4 Nge7 13. f5 Nxf5 14. Nxf5 Bxf5 15. Bxf5 exf5 16. Rxf5 g6 17. Rf2 0-0 18. Nd2 Rae8 19. Qg4 Re7 20. Raf1 f6 21. h4 f5 22. Qg5 Kg7 23. h5 h6 24. Qxg6+ Qxg6 25. hxg6 Kxg6 26. Nf3 Re4 27. g3 Ne7 28. Ne5+ Kg5 29. g4 f4 30. Rh2 Rg8 31. Rh5+ Kf6 32. Rxh6+ Ng6 33. Kf2 Kg5 34. Rh5+ Kf6 35. Nf3 Rge8 36. Rf5+ Kg7 37. Re1 Re3 38. Ne5 Re4 39. Rxe4 dxe4 40. Nxg6 e3+ 41. Ke2 Kxg6 42. Rxf4 Kg5 43. Rf3 Kxg4 44. Rxe3 Rh8 45. Kd3 Rh7 46. a4 Kf5 47. a5 Rc7 48. b4 a6 49. d5 Rd7 50. Kd4 1-0

[Event "NRW Class1 1617"]
[Site "Germany"]
[Date "2016.11.13"]
[Round "3.8"]
[White "Stukenbrok, Nils"]
[Black "Beckmann, Klaus2222"]
[Result "1/2-1/2"]
[WhiteElo "2062"]
[BlackElo "2135"]
[PlyCount "28"]
[EventDate "2016.09.25"]
[EventType "team-tourn"]
[EventRounds "9"]
[EventCountry "GER"]
[SourceTitle "EXT 2023"]
[Source "ChessBase"]
[SourceDate "2022.10.05"]
[SourceVersion "1"]
[SourceVersionDate "2022.10.05"]
[SourceQuality "1"]
[WhiteTeam "Lieme"]
[BlackTeam "Neuenkirchen"]
[WhiteTeamCountry "GER"]
[BlackTeamCountry "GER"]

1. d4 Nf6 2. c4 e6 3. g3 d5 4. Nf3 Be7 5. Bg2 0-0 6. 0-0 b6 7. Nbd2 Bb7 8. b3 Nbd7 9. Bb2 c5 10. e3 Rc8 11. Rc1 a6 12. Qe2 Rc7 13. cxd5 exd5 14. Nh4 Re8 1/2-1/2

[Event "NRW Class2 1516"]
[Site "Germany"]
[Date "2016.01.10"]
[Round "5.7"]
[White "Schracke, Guido"]
[Black "Stukenbrok, Nils"]
[Result "1-0"]
[WhiteElo "2072"]
[BlackElo "1959"]
[PlyCount "63"]
[EventDate "2015.09.27"]
[EventType "team-tourn"]
[EventRounds "9"]
[EventCountry "GER"]
[SourceTitle "EXT 2017"]
[Source "ChessBase"]
[SourceDate "2016.10.25"]
[SourceVersion "1"]
[SourceVersionDate "2016.10.25"]
[SourceQuality "1"]
[WhiteTeam "Niederkassel"]
[BlackTeam "Lieme"]
[WhiteTeamCountry "GER"]
[BlackTeamCountry "GER"]

1. e4 c6 2. Bc4 d5 3. Bb3 Nf6 4. e5 Nfd7 5. d4 e6 6. Nf3 c5 7. c3 b6 8. 0-0 Ba6 9. Re1 Nc6 10. Be3 Be7 11. h3 Rc8 12. a3 Qc7 13. Ba4 0-0 14. b4 cxd4 15. cxd4 Bc4 16. Bc2 a5 17. Ng5 h6 18. Qh5 axb4 19. Nxe6 fxe6 20. Qg6 Nf6 21. Bxh6 Rf7 22. exf6 Bxf6 23. Rxe6 Re7 24. Qh7+ Kf7 25. Rxf6+ Ke8 26. Qg6+ Rf7 27. Bxg7 b3 28. Nc3 bxc2 29. Re1+ Ne5 30. Rxf7 c1Q 31. Qe6+ Kd8 32. Rf8# 1-0

[Event "NRW Class1 1314"]
[Site "Germany"]
[Date "2014.04.06"]
[Round "8.6"]
[White "Stukenbrok, Nils"]
[Black "Kesseler, Heiko"]
[Result "1-0"]
[WhiteElo "1993"]
[BlackElo "2024"]
[PlyCount "101"]
[EventDate "2013.09.15"]
[EventType "team-tourn"]
[EventRounds "9"]
[EventCountry "GER"]
[SourceTitle "EXT 2015"]
[Source "ChessBase"]
[SourceDate "2014.11.20"]
[SourceVersion "1"]
[SourceVersionDate "2014.11.20"]
[SourceQuality "1"]
[WhiteTeam "Lieme"]
[BlackTeam "Elberfeld"]
[WhiteTeamCountry "GER"]
[BlackTeamCountry "GER"]

1. d4 d5 2. c4 c6 3. e3 Nf6 4. Nf3 a6 5. Bd3 Bg4 6. Nbd2 e6 7. 0-0 Be7 8. Qc2 0-0 9. Ne5 Bh5 10. c5 Nbd7 11. f4 Bg6 12. Nxg6 hxg6 13. Nf3 b6 14. b4 b5 15. Bd2 Qc7 16. a4 Rfb8 17. Ra3 Qc8 18. Rfa1 Ne8 19. Qa2 Nc7 20. Ne5 Nxe5 21. fxe5 Qd8 22. Rf1 Bg5 23. g3 Qd7 24. h4 Bd8 25. Bb1 a5 26. bxa5 b4 27. Rb3 Na6 28. Qc2 Qe7 29. Kg2 Ra7 30. h5 Qg5 31. hxg6 f5 32. e4 Qg4 33. exf5 Qxd4 34. fxe6 Qe4+ 35. Qxe4 dxe4 36. Bxe4 Nxc5 37. Rbf3 Be7 38. Bxc6 b3 39. Bb5 Ne4 40. Be1 Rc7 41. Rxb3 Rc2+ 42. Kh1 Rc1 43. Re3 Nc5 44. a6 Nxe6 45. Rc3 Rxc3 46. Bxc3 Rc8 47. Bd7 Rxc3 48. Bxe6+ Kh8 49. Rf5 Rc1+ 50. Kh2 Rc2+ 51. Kh3 1-0

[Event "Lippe Cup A 9th"]
[Site "Lieme"]
[Date "2012.10.13"]
[Round "3"]
[White "Fluechter, Gregor"]
[Black "Stukenbrok, Nils"]
[Result "1/2-1/2"]
[WhiteElo "1951"]
[BlackElo "2094"]
[PlyCount "30"]
[EventDate "2012.10.12"]
[EventType "swiss"]
[EventRounds "5"]
[EventCountry "GER"]
[SourceTitle "EXT 2014"]
[Source "ChessBase"]
[SourceDate "2013.11.20"]
[SourceVersion "1"]
[SourceVersionDate "2013.11.20"]
[SourceQuality "1"]

1. e4 Nf6 2. e5 Nd5 3. d4 d6 4. Nf3 dxe5 5. Nxe5 c6 6. c4 Nb4 7. Be3 Bf5 8. Bd3 Nxd3+ 9. Nxd3 e6 10. Nc3 Be7 11. 0-0 Nd7 12. Qe2 0-0 13. Rfd1 Qa5 14. Rac1 Rfd8 15. Bf4 Rac8 1/2-1/2

[Event "GER-ch Net qual4 U18"]
[Site "Playchess.com INT"]
[Date "2011.05.11"]
[Round "5"]
[White "Stukenbrok, Nils"]
[Black "Heyne, Lukas"]
[Result "0-1"]
[WhiteElo "1685"]
[BlackElo "1905"]
[PlyCount "78"]
[EventDate "2011.05.11"]
[EventType "swiss (blitz)"]
[EventRounds "7"]
[EventCountry "GER"]
[SourceTitle "CBM 142 Extra"]
[Source "ChessBase"]
[SourceDate "2011.06.27"]
[SourceVersion "1"]
[SourceVersionDate "2011.06.27"]
[SourceQuality "1"]

1. d4 Nf6 2. c4 c5 3. d5 e6 4. Nc3 exd5 5. cxd5 d6 6. g3 g6 7. Bg2 Bg7 8. Nf3 0-0 9. 0-0 Re8 10. Re1 a6 11. a4 Bg4 12. e4 Nbd7 13. Qc2 Bxf3 14. Bxf3 Qc7 15. Bg2 Rab8 16. a5 b5 17. axb6 Rxb6 18. Qa4 Ng4 19. Bf1 Bd4 20. Re2 Rb4 21. Qxa6 Nde5 22. Kg2 Qe7 23. f3 Qf6 24. f4 Nc4 25. Nb5 Nge3+ 26. Bxe3 Nxe3+ 27. Kf3 g5 28. Rxe3 Bxe3 29. Kxe3 Rexe4+ 30. Kf3 gxf4 31. Qxd6 Re3+ 32. Kg2 Qxb2+ 33. Kg1 Qxa1 34. Qd8+ Kg7 35. Qg5+ Kf8 36. Qd8+ Re8 37. Qd6+ Kg8 38. Qxf4 Rxf4 39. gxf4 Re1 0-1

[Event "GER-ch Net qual2 U18"]
[Site "Playchess.com INT"]
[Date "2011.05.04"]
[Round "6"]
[White "Begri, Felix"]
[Black "Stukenbrok, Nils"]
[Result "0-1"]
[WhiteElo "1708"]
[BlackElo "1658"]
[PlyCount "70"]
[EventDate "2011.05.04"]
[EventType "swiss (blitz)"]
[EventRounds "7"]
[EventCountry "GER"]
[SourceTitle "CBM 142 Extra"]
[Source "ChessBase"]
[SourceDate "2011.06.27"]
[SourceVersion "1"]
[SourceVersionDate "2011.06.27"]
[SourceQuality "1"]

1. d4 Nf6 2. c4 e6 3. Nf3 b6 4. g3 Ba6 5. Qc2 Bb4+ 6. Bd2 Be7 7. Bg2 c6 8. 0-0 d5 9. cxd5 cxd5 10. Nc3 0-0 11. Ne5 Bb7 12. Rac1 Nbd7 13. Nxd7 Qxd7 14. b3 Ba3 15. Rcd1 Rfc8 16. Qd3 a5 17. Nb5 Ba6 18. Qf3 Bxb5 19. Bg5 Ne4 20. Be3 Rc2 21. Rfe1 Bb4 22. Rc1 Rac8 23. Qg4 Bxe1 24. Rxe1 f5 25. Qf4 Rxe2 26. Rd1 Rcc2 27. Qb8+ Kf7 28. Bxe4 fxe4 29. Qxb6 Rxa2 30. Rc1 Rec2 31. Re1 Qc6 32. Qa7+ Qc7 33. Qa8 a4 34. Bf4 Rxf2 35. Rf1 Rxf1# 0-1

[Event "GER-ch Net qual2 U18"]
[Site "Playchess.com INT"]
[Date "2011.05.04"]
[Round "3"]
[White "Stukenbrok, Nils"]
[Black "Florstedt, Johannes"]
[Result "1-0"]
[WhiteElo "1658"]
[BlackElo "1922"]
[PlyCount "113"]
[EventDate "2011.05.04"]
[EventType "swiss (blitz)"]
[EventRounds "7"]
[EventCountry "GER"]
[SourceTitle "CBM 142 Extra"]
[Source "ChessBase"]
[SourceDate "2011.06.27"]
[SourceVersion "1"]
[SourceVersionDate "2011.06.27"]
[SourceQuality "1"]

1. d4 Nf6 2. c4 c5 3. d5 b5 4. cxb5 a6 5. bxa6 g6 6. Nc3 Bxa6 7. e4 Bxf1 8. Kxf1 d6 9. Nf3 Bg7 10. g3 0-0 11. Kg2 Nbd7 12. h3 Qa5 13. Re1 Rfb8 14. Re2 Nb6 15. Qc2 Nfd7 16. Bg5 Kf8 17. Bc1 Nc4 18. Nd1 Ndb6 19. Nd2 Na3 20. Qd3 c4 21. Qf3 Nc2 22. Nxc4 Nxc4 23. Rxc2 Ne5 24. Qe2 Qa4 25. Nc3 Qd4 26. Be3 Qb4 27. a3 Qb3 28. Bd4 Rb4 29. Rd1 Rc4 30. Rdd2 Rb8 31. Nd1 Rxc2 32. Rxc2 Bh6 33. Bxe5 dxe5 34. Qc4 Qb6 35. Qc7 Qb5 36. Nc3 Qb3 37. d6 exd6 38. Qxd6+ Kg8 39. Nd5 Bf8 40. Qxe5 Qxc2 41. Nf6+ Kg7 42. Nd7+ Kg8 43. Nxb8 Qb3 44. Nd7 Qb7 45. Qe8 h5 46. Qxf8+ Kh7 47. Qxf7+ Kh6 48. Qf4+ Kg7 49. Qe5+ Kg8 50. Qd5+ Qxd5 51. exd5 Kf7 52. Nc5 Ke7 53. b4 Kd6 54. Kf3 Kxd5 55. Kf4 Kd6 56. Kg5 Kc6 57. Kxg6 1-0

[Event "GER-ch Net qual1 U18"]
[Site "Playchess.com INT"]
[Date "2011.05.01"]
[Round "2"]
[White "Goebel, Constantin"]
[Black "Stukenbrok, Nils"]
[Result "1-0"]
[WhiteElo "2259"]
[BlackElo "1587"]
[PlyCount "65"]
[EventDate "2011.05.01"]
[EventType "swiss (blitz)"]
[EventRounds "7"]
[EventCountry "GER"]
[SourceTitle "CBM 142 Extra"]
[Source "ChessBase"]
[SourceDate "2011.06.27"]
[SourceVersion "1"]
[SourceVersionDate "2011.06.27"]
[SourceQuality "1"]

1. e4 e6 2. d4 d5 3. Nc3 Bb4 4. e5 c5 5. a3 Bxc3+ 6. bxc3 Qc7 7. Nf3 Bd7 8. Be2 Ba4 9. Ra2 Nc6 10. h4 Nge7 11. h5 0-0-0 12. h6 gxh6 13. Bxh6 Rdg8 14. Bg5 h6 15. Bf6 Rh7 16. g3 c4 17. Qd2 Nf5 18. Nh4 Nxh4 19. Rxh4 Qa5 20. g4 Qb6 21. Qc1 Rg6 22. g5 Nb8 23. Rxh6 Rhxh6 24. gxh6 Rg1+ 25. Bf1 Rh1 26. Rb2 Qc6 27. Qg5 Qe8 28. Rb1 Bxc2 29. Rc1 Bd3 30. Kd2 Qb5 31. Qg8+ Kc7 32. Qd8+ Kc6 33. Qd6# 1-0

[Event "Lippe Cup 06th"]
[Site "Lieme"]
[Date "2009.10.18"]
[Round "4"]
[White "Thanisch, Matthias"]
[Black "Stukenbrok, Nils"]
[Result "0-1"]
[WhiteElo "2082"]
[BlackElo "1886"]
[PlyCount "70"]
[EventDate "2009.10.16"]
[EventType "swiss"]
[EventRounds "5"]
[EventCountry "GER"]
[SourceTitle "EXT 2013"]
[Source "ChessBase"]
[SourceDate "2012.11.22"]
[SourceVersion "1"]
[SourceVersionDate "2012.11.22"]
[SourceQuality "1"]

1. d4 Nf6 2. Nf3 g6 3. g3 Bg7 4. Bg2 0-0 5. c4 d6 6. Nc3 Nc6 7. 0-0 e5 8. d5 Ne7 9. h3 Nd7 10. e4 a5 11. Be3 f5 12. exf5 gxf5 13. Bg5 Nc5 14. Be3 Ng6 15. Bxc5 dxc5 16. Qe2 e4 17. Nd2 Ne5 18. Rad1 Nd3 19. Nb3 Qf6 20. Rxd3 exd3 21. Qxd3 f4 22. Qf3 fxg3 23. Qxg3 Qd6 24. Qe3 b6 25. Nb5 Qg6 26. Nxc7 Ra7 27. Ne6 Rf5 28. Kh1 Re5 29. Qd2 Kh8 30. f4 Rh5 31. Qe2 Re7 32. Re1 Rh6 33. Nf8 Bxf8 34. Qxe7 Bxe7 35. Rxe7 Bxh3 0-1